[Event "18th Hampstead U2200 Congress"]
[Site "London, England"]
[Date "2014.06.22"]
[Round "5"]
[White "Xu, David"]
[Black "Yiamakis, Albert"]
[Result "0-1"]
[WhiteElo "1538"]
[BlackElo "1767"]

1. Nf3 Nf6 2. g3 g6 3. Bg2 Bg7 4. O-O c5 5. e3 O-O 6. d4 d5 7. b3 Nc6 8. Bb2
Bf5 9. a3 cxd4 10. exd4 Rc8 11. Nc3 Qd7 12. Re1 Rfd8 13. Rc1 Ne4 14. Ne2 b5
15. Nd2 e5 16. Nf3 exd4 17. Nfxd4 Nxd4 18. Bxd4 Bh3 19. Bxg7 Bxg2 20. Kxg2
Kxg7 21. Qd4+ Kg8 22. Red1 Ng5 23. Nf4 Qg4 24. Qd3 d4 25. f3 Qd7 26. h4 Ne6
27. Ne2 Qb7 28. b4 Rc4 29. Qb3 Rdc8 30. Rd3 Qa6 31. Rd2 h5 32. Qd3 f5 33. Kf2
Kg7 34. Kg2 f4 35. Qb3 fxg3 36. Qb2 Qd6 37. Nxg3 Qf4 38. Re2 Rc3 39. Rf1 Qxh4
40. Rh1 Nf4+ 41. Kf2 Qd8 42. Rd2 d3 43. Ne4 Qd4+ 44. Kg3 Ne2+ 45. Kg2 Rxc2 46.
Qxd4+ Nxd4 47. Rhd1 Rxd2+ 48. Rxd2 Rc2 49. Kf2 Rxd2+ 50. Nxd2 Kf6 51. Ke3 Nc2+
52. Kxd3 Nxa3 53. Ke2 Ke5 54. Ke3 Nc4+ 55. Ke2 Nxd2 56. Kxd2 Kd4 {#R} 0-1

[Event "18th Hampstead U2200 Congress"]
[Site "London, England"]
[Date "2014.06.22"]
[Round "5"]
[White "Finnegan, Oliver"]
[Black "Brozel, Sacha"]
[Result "1/2-1/2"]
[WhiteElo "1818"]
[BlackElo "1766"]

1. d4 Nf6 2. c4 e6 3. Nf3 b6 4. Nc3 Bb7 5. a3 Be7 6. d5 exd5 7. cxd5 O-O 8. e4
Re8 9. Be2 d6 10. O-O Nbd7 11. h3 Nc5 12. Qc2 Bf8 13. Bd3 a5 14. Bg5 g6 15.
Bb5 Ncd7 16. Bxd7 Qxd7 17. Bxf6 Ba6 18. Rfe1 c5 19. dxc6 Qxc6 20. Nd4 Qd7 21.
Nd5 Qb7 22. Qb3 b5 23. Rac1 Rac8 24. Qg3 Rxe4 25. Rxc8 Rxe1+ 26. Kh2 Qxc8 27.
Nf3 Rd1 28. Bd4 Qc1 29. Nf6+ Kh8 30. Qh4 Qh6 31. Ne8+ Rxd4 32. Qxd4+ Bg7 {#d}
1/2-1/2

[Event "18th Hampstead U2200 Congress"]
[Site "London, England"]
[Date "2014.06.22"]
[Round "5"]
[White "Crouch, Timothy J"]
[Black "Dziedzic, Tomek"]
[Result "1/2-1/2"]
[WhiteElo "1663"]
[BlackElo "1795"]

1. e4 e5 2. Nf3 Nc6 3. Bc4 Bc5 4. c3 d6 5. d4 exd4 6. cxd4 Bb4+ 7. Nc3 Nf6 8.
Qd3 h6 9. O-O O-O 10. Bd2 Bxc3 11. Bxc3 d5 12. exd5 Nxd5 13. Bd2 Be6 14. a3
Qf6 15. Rfe1 Rad8 16. Ne5 Nxd4 17. Qxd4 Nb6 18. Qc3 Nxc4 19. Nxc4 Bxc4 20.
Qxf6 gxf6 21. Bxh6 Rfe8 22. g3 Bd5 23. Rxe8+ Rxe8 24. Be3 a6 25. Rc1 c6 26. h4
Kh7 27. b4 f5 28. Re1 Kg6 29. f4 Kh5 30. Kf2 Re4 31. Rd1 {#d} 1/2-1/2

[Event "18th Hampstead U2200 Congress"]
[Site "London, England"]
[Date "2014.06.22"]
[Round "5"]
[White "Lees, Fraser"]
[Black "Jamieson, Alexander"]
[Result "1/2-1/2"]
[WhiteElo "1782"]
[BlackElo "1334"]

1. f4 e6 2. b3 d5 3. Bb2 c5 4. e3 Nc6 5. Nf3 Qb6 6. Be2 Bd7 7. O-O Nge7 8. Na3
Ng6 9. c4 d4 10. h4 h5 11. g3 Be7 12. e4 Nb4 13. d3 f5 14. Nc2 Nxc2 15. Qxc2
Bf6 16. e5 Be7 17. a3 a5 18. b4 a4 19. bxc5 Bxc5 20. Rab1 Qa7 21. Ng5 Ke7 22.
Qd1 Bc6 23. Bxh5 Nf8 24. Bf3 g6 25. Bxc6 bxc6 26. Qf3 Qc7 27. Qf2 Nh7 28. Nxh7
Rxh7 29. Bxd4 Bxa3 30. Bc5+ Bxc5 31. Qxc5+ Ke8 32. Ra1 Qa7 33. Qxa7 Raxa7 34.
Ra3 Rhb7 35. Rfa1 Rb4 36. Kf2 Kd7 37. Kf3 Ra8 38. g4 Kc7 39. gxf5 exf5 40. c5
Kd7 41. Ke3 Ke6 42. Rg1 Kf7 43. d4 Rh8 44. Rga1 Rxh4 45. Rxa4 Rb3+ 46. Kd2
{#d} 1/2-1/2

[Event "18th Hampstead U2200 Congress"]
[Site "London, England"]
[Date "2014.06.22"]
[Round "5"]
[White "Pride, Stephen"]
[Black "Mkpadi, Michael"]
[Result "1-0"]
[WhiteElo "1776"]
[BlackElo "1735"]

1. d4 d5 2. Bg5 Bf5 3. Nc3 c6 4. Qd2 Nd7 5. f3 h6 6. Bh4 Ngf6 7. O-O-O b5 8.
e4 dxe4 9. Nxe4 Bxe4 10. fxe4 Nxe4 11. Qe3 Ndf6 12. Bd3 Qd5 13. Kb1 O-O-O 14.
Ne2 g5 15. Be1 Bg7 16. Ba5 Rd6 17. Rhe1 Re6 18. Bxe4 Nxe4 19. Ng3 f5 20. Qb3
Qxb3 21. axb3 Rf8 22. d5 cxd5 23. Rxd5 Nd2+ 24. Bxd2 Rxe1+ 25. Bxe1 e5 26.
Rxb5 Rd8 27. Bc3 Rd1+ 28. Ka2 Rg1 29. Nxf5 Bf6 30. Bxe5 Bxe5 31. Rxe5 Rxg2 32.
Rc5+ Kd7 33. Nxh6 Rxh2 34. Ng4 Rg2 35. Rc4 Ke6 36. b4 Rg1 37. Ne3 Ke5 38. Rg4
Rh1 39. Rxg5+ Kf4 40. Rg7 Kxe3 41. Rxa7 Kd4 42. Rc7 Kd5 43. b5 Kd6 44. b6 Rh5
45. c4 Ra5+ 46. Kb3 {#r} 1-0

[Event "18th Hampstead U2200 Congress"]
[Site "London, England"]
[Date "2014.06.22"]
[Round "5"]
[White "Zhao, Haolin"]
[Black "Seman, Myroslav"]
[Result "1/2-1/2"]
[WhiteElo "1355"]
[BlackElo "1826"]

1. e4 e5 2. Nf3 Nf6 3. Nxe5 d6 4. Nf3 Nxe4 5. Nc3 d5 6. Qe2 Be6 7. Nxe4 dxe4
8. Qxe4 Nc6 9. Bc4 Qe7 10. Bxe6 Qxe6 11. Qxe6+ fxe6 12. d3 Nb4 13. Kd1 O-O-O
14. a3 Nc6 15. Be3 Be7 16. Kd2 h6 17. Rae1 Bf6 18. b3 b6 19. Bf4 Rhe8 20. Be5
Rd5 21. Bxf6 gxf6 22. Re2 e5 23. Kc1 Red8 24. Rhe1 a5 25. Re4 Rh8 26. Rc4 Kd7
27. Rce4 b5 28. R4e2 Na7 29. Rd2 b4 30. axb4 axb4 31. d4 exd4 32. Rxd4 Rxd4
33. Nxd4 c5 34. Ne6 Rc8 35. Nf4 c4 36. Rd1+ Ke8 37. Re1+ Kf7 38. Nd5 Nc6 39.
bxc4 Ne5 40. Ne3 Nxc4 41. Nxc4 Rxc4 42. Kb2 f5 43. Kb3 Rc3+ 44. Kb2 Kf6 45.
Re3 Rc4 46. Kb3 Rd4 47. c3 bxc3 48. Kxc3 Rd1 49. Kc2 Rf1 50. Rf3 Kg5 51. h3 h5
52. g3 h4 53. gxh4+ Kxh4 54. Rxf5 Kxh3 55. Kd3 Kg4 56. Rf8 Re1 57. f4 Rf1 58.
Ke4 Re1+ 59. Kd3 Rf1 60. Ke3 Re1+ 61. Kd2 Re4 62. Kd3 Rxf4 63. Rxf4+ Kxf4 {#d}
1/2-1/2

[Event "18th Hampstead U2200 Congress"]
[Site "London, England"]
[Date "2014.06.22"]
[Round "5"]
[White "Carter, John"]
[Black "Baroukh, Leon"]
[Result "0-1"]
[WhiteElo "1713"]
[BlackElo "1582"]

1. c4 e5 2. Nc3 Bc5 3. Nf3 Nc6 4. g3 d6 5. d3 Nd4 6. Bg2 Rb8 7. a3 Bg4 8. b4
Bb6 9. O-O Nxf3+ 10. exf3 Bh5 11. Re1 Bd4 12. Bb2 Nf6 13. Qd2 O-O 14. f4 Ng4
15. Rf1 Re8 16. h3 Nf6 17. Rae1 Qd7 18. g4 Bxg4 19. hxg4 Qxg4 20. Ne4 Nxe4 21.
Rxe4 f5 22. Re2 Bxb2 23. Qxb2 Qxf4 24. Rfe1 Re6 25. Re3 Rg6 26. c5 Qh4 27.
Qb3+ Kf8 28. cxd6 cxd6 29. Rf3 f4 30. Kf1 Rxg2 31. Kxg2 Qg4+ 32. Rg3 fxg3 33.
fxg3 Ke7 34. Qd5 Qe6 35. Qa5 Rc8 36. Re2 a6 37. a4 Qb3 38. Qb6 Qd5+ 39. Re4
Rc2+ 40. Kh3 Qe6+ 41. g4 Qh6+ 42. Kg3 Qh2+ 43. Kf3 Qh3# 0-1

[Event "18th Hampstead U2200 Congress"]
[Site "London, England"]
[Date "2014.06.22"]
[Round "5"]
[White "Winter, Malcolm J"]
[Black "Samadov, Samir"]
[Result "1-0"]
[WhiteElo "1526"]
[BlackElo "1648"]

1. d4 d5 2. Nf3 Bf5 3. Bf4 e6 4. e3 Nd7 5. Bd3 Bg6 6. O-O Bd6 7. Bxd6 cxd6 8.
Qe2 Bxd3 9. Qxd3 Ngf6 10. Nbd2 O-O 11. e4 dxe4 12. Nxe4 Nxe4 13. Qxe4 d5 14.
Qd3 Qc7 15. c3 h6 16. Rfe1 Nf6 17. Ne5 Ne4 18. Rac1 Rac8 19. Re2 Nd6 20. Rec2
Nc4 21. Nf3 Rfe8 22. Re1 Qa5 23. a3 Qb5 24. Qe2 Qb3 25. Ne5 Nxe5 26. dxe5 Red8
27. Rec1 Rc4 28. f3 Rdc8 29. Qd3 Qb6+ 30. Kf1 Qc7 31. b3 Rh4 32. g3 Rh5 33.
Qd4 Qxe5 34. Qxe5 Rxe5 35. Kf2 Rf5 36. Rd1 Rd8 37. Rcd2 Rc8 38. Rc2 g5 39. Rd4
Rf6 40. Ke3 Rg6 41. Rdd2 Rg7 42. c4 dxc4 43. Rxc4 Rxc4 44. Rd8+ Kh7 45. bxc4
f6 46. Kd4 b6 47. Rd6 Re7 48. c5 bxc5+ 49. Kxc5 Kg6 50. a4 Kf5 51. Kc6 e5 52.
a5 h5 53. a6 Re6 54. g4+ hxg4 55. fxg4+ Kxg4 56. Rxe6 f5 57. Kb7 f4 58. Rxe5
f3 59. Re8 Kh3 60. Rf8 Kg2 61. Kxa7 f2 62. Kb7 f1=Q 63. Rxf1 Kxf1 64. a7 Kg2
65. a8=Q Kxh2 66. Qa4 Kh3 67. Kc6 g4 68. Qf4 g3 69. Qh6+ Kg2 70. Kd5 Kf2 71.
Qf4+ Kg2 72. Ke4 Kh2 73. Kf3 Kh1 74. Qh6+ Kg1 75. Kxg3 Kf1 76. Qd2 Kg1 77.
Qg2# 1-0

[Event "18th Hampstead U2200 Congress"]
[Site "London, England"]
[Date "2014.06.22"]
[Round "5"]
[White "Horlock, Peter"]
[Black "Gribben, Chris"]
[Result "0-1"]
[WhiteElo "1638"]
[BlackElo "1540"]

1. e4 e6 2. d4 d5 3. exd5 exd5 4. Nf3 Bf5 5. Nc3 c6 6. Bd3 Bxd3 7. Qxd3 Bd6 8.
O-O Ne7 9. Re1 Nd7 10. a3 Qc7 11. b4 O-O 12. Ng5 Ng6 13. Qh3 Nf6 14. Bd2 Rae8
15. Nf3 Qd7 16. Rxe8 Rxe8 17. Qxd7 Nxd7 18. g3 a6 19. Nd1 Nb6 20. Ne3 f6 21.
c3 Kf7 22. Rd1 Nf8 23. Ne1 g6 24. Nd3 Ne6 25. Ng2 {(=)} Nc4 26. Bc1 Nc7 27.
Ne3 Nb5 28. Nxc4 dxc4 29. Nc5 Bxc5 30. dxc5 Nxc3 31. Rd7+ Re7 32. Rxe7+ Kxe7
33. Kf1 Ke6 34. Ke1 Kd5 35. Kd2 Nb5 36. Bb2 f5 37. f4 Ke4 38. a4 Nd4 39. Kc3
Kd5 40. a5 h5 41. Ba3 Nf3 42. h4 Nd4 43. Kd2 Nb5 44. Bb2 Ke4 45. Ke2 c3 46.
Bc1 Kd4 47. Kd1 Kc4 {#R} 0-1

[Event "18th Hampstead U2200 Congress"]
[Site "London, England"]
[Date "2014.06.22"]
[Round "5"]
[White "Ali, Syed Zarrar"]
[Black "Hudson, Jeremy"]
[Result "1-0"]
[WhiteElo "1200"]
[BlackElo "1596"]

1. d4 Nf6 2. c4 e6 3. Nc3 Bb4 4. Qc2 b6 5. a3 Be7 6. e4 d6 7. Bd3 e5 8. Nge2
c6 9. f3 Nbd7 10. Be3 Nf8 11. O-O Ng6 12. f4 exf4 13. Nxf4 Ng4 14. Bd2 Bd7 15.
h3 Nf6 16. Rae1 Qc7 17. Qd1 O-O 18. Qf3 Rad8 19. Nh5 Nh4 20. Nxf6+ Bxf6 21.
Qe3 Rde8 22. Rxf6 gxf6 23. Qg3+ Ng6 24. Bh6 Kh8 25. Bxf8 Rxf8 26. Rf1 Qd8 27.
Qf2 Kg7 28. Qg3 Kh8 29. Ne2 Qe7 30. Nf4 Nxf4 31. Qxf4 Rg8 32. Kh2 f5 33. exf5
Qg5 34. Qxg5 Rxg5 35. g4 Kg8 36. Re1 Kf8 37. f6 h5 38. Re7 Be6 39. Rxa7 Ke8
40. Rb7 hxg4 41. hxg4 Rxg4 42. Rb8+ Kd7 43. d5 cxd5 44. cxd5 Bxd5 45. Bf5+ Kc7
46. Rc8+ {#r} 1-0

[Event "18th Hampstead U2200 Congress"]
[Site "London, England"]
[Date "2014.06.22"]
[Round "5"]
[White "Karia, Kamlesh"]
[Black "Pollack, Oscar"]
[Result "1-0"]
[WhiteElo "1587"]
[BlackElo "1490"]

1. d4 e6 2. c4 Nf6 3. Nc3 Bb4 4. a3 Bxc3+ 5. bxc3 O-O 6. Nf3 b6 7. Bg5 Bb7 8.
e3 d6 9. d5 e5 10. e4 Nbd7 11. Nd2 h6 12. h4 Re8 13. Qf3 Nc5 14. Bxf6 Qxf6 15.
Qxf6 gxf6 16. g3 Bc8 17. a4 a5 18. Be2 f5 19. f3 fxe4 20. Nxe4 Nxe4 21. fxe4
f5 22. Bd3 Rf8 23. exf5 Bxf5 24. Bxf5 Rxf5 25. Rf1 Raf8 26. Ke2 Rxf1 27. Rxf1
Rxf1 28. Kxf1 Kf7 29. g4 Kf6 30. Ke2 e4 31. Ke3 Ke5 32. h5 Kf6 33. Kxe4 Kg5
34. Kf3 Kf6 35. Kf4 Kg7 36. Kf5 Kf7 37. g5 hxg5 38. Kxg5 Kg7 39. Kf5 Kh6 40.
Ke6 Kxh5 41. Kd7 b5 42. cxb5 {#r} 1-0

[Event "18th Hampstead U2200 Congress"]
[Site "London, England"]
[Date "2014.06.22"]
[Round "5"]
[White "Balouka Myers, Reuben"]
[Black "Oliveri, Claudio"]
[Result "0-1"]
[WhiteElo "1500"]
[BlackElo "1683"]

1. e4 c5 2. Nc3 e6 3. f4 d5 4. d3 dxe4 5. dxe4 Qxd1+ 6. Kxd1 Nf6 7. Nf3 a6 8.
a4 Be7 9. Bc4 O-O 10. Ke2 Nc6 11. Rf1 Rd8 12. Kf2 Na5 13. Ba2 b6 14. Kg1 Bb7
15. e5 Nd5 16. Bxd5 exd5 17. Bd2 d4 18. Ne2 Be4 19. Bxa5 bxa5 20. c3 d3 21.
Ng3 Bxf3 22. Rxf3 c4 23. Nf5 Bc5+ 24. Kh1 Rab8 25. Rg3 g6 26. Nh6+ Kf8 25. Rg3
g6 26. Nh6+ Kf8 27. f5 d2 28. Rd1 Ke7 29. fxg6 hxg6 30. Rf3 Rxb2 31. Rxf7+ Ke6
32. Rf6+ Kxe5 33. Ng4+ Ke4 34. g3 Rd3 35. Nf2+ Bxf2 36. Rxf2 Rxc3 {#R} 0-1

[Event "18th Hampstead U2200 Congress"]
[Site "London, England"]
[Date "2014.06.22"]
[Round "5"]
[White "Shallice, Tim"]
[Black "Balouka Myers, Gabriel"]
[Result "1-0"]
[WhiteElo "1663"]
[BlackElo "1583"]

1. e4 c6 2. d4 d5 3. e5 Bf5 4. Nc3 e6 5. Nge2 Nd7 6. Ng3 Bg6 7. h4 h6 8. h5
Bh7 9. Bd3 Bxd3 10. Qxd3 Qb6 11. Be3 c5 12. dxc5 Bxc5 13. Bxc5 Nxc5 14. Qb5+
Qc6 15. Qe2 Ne7 16. O-O O-O 17. f4 Qb6 18. Kh1 Qxb2 19. Nb5 Qb4 20. Nd6 b6 21.
Rab1 Qa4 22. c3 Nc6 23. Rf3 d4 24. c4 d3 25. Qe3 Qxa2 26. Rd1 a5 27. Rf2 Qb3
28. Re1 a4 29. Nge4 Nxe4 30. Qxe4 Nb4 31. f5 a3 32. f6 Ra7 33. Qg4 g5 34. hxg6
fxg6 35. Qxg6+ Kh8 36. f7 Raxf7 37. Nxf7+ Rxf7 38. Rxf7 {#r} 1-0

[Event "18th Hampstead U2200 Congress"]
[Site "London, England"]
[Date "2014.06.22"]
[Round "5"]
[White "Everitt, David"]
[Black "Ritchie, Paul"]
[Result "0-1"]
[WhiteElo "1450"]
[BlackElo "1507"]

1. e4 c5 2. Nf3 Nc6 3. d4 cxd4 4. Nxd4 Nf6 5. Nc3 d6 6. Be2 e5 7. Nb3 h6 8. h3
Be6 9. O-O Be7 10. Be3 O-O 11. Qd2 a6 12. Rad1 b5 13. a3 b4 14. axb4 Nxb4 15.
f4 Qc7 16. f5 Bc8 17. Rf3 Kh7 18. Rg3 Bb7 19. Bf3 d5 20. exd5 e4 21. Rxg7+
Kxg7 22. Bxh6+ Kh8 23. Bf4 Bd6 24. Bxd6 Qxd6 25. Qh6+ Kg8 26. Nxe4 Nxe4 27.
Qh4 Qf6 28. Qxe4 a5 29. c3 Na2 30. Nc5 Bc8 31. Qc4 Nxc3 32. bxc3 Bxf5 33. Bg4
Bxg4 34. Qxg4+ Qg7 35. Qc4 Rfc8 36. d6 Qg5 37. Rd5 Qe3+ 38. Kh2 a4 39. d7 Rd8
40. Nxa4 Rab8 41. Qg4+ Kf8 42. Rh5 Rb1 43. Rh8+ Ke7 44. Rxd8 Kxd8 45. Qf5 Qg1+
46. Kg3 Qe1+ 47. Kg4 Qe2+ 48. Kg3 Rb5 49. Nc5 Qe3+ 50. Kh2 Qxc5 51. Qxf7 Qe5+
52. Kg1 Rb1+ 53. Kf2 Qe1+ 54. Kf3 Qf1+ {#R} 0-1

[Event "18th Hampstead U2200 Congress"]
[Site "London, England"]
[Date "2014.06.22"]
[Round "5"]
[White "Larios, Rafael"]
[Black "Xu, Shilin"]
[Result "1/2-1/2"]
[WhiteElo "1585"]
[BlackElo "1200"]

1. e4 e6 2. d4 c6 3. Nf3 d5 4. e5 Nd7 5. Bd3 c5 6. c3 c4 7. Bc2 b5 8. O-O Bb7
9. Ng5 g6 10. f4 Bg7 11. Qg4 Qe7 12. Be3 O-O-O 13. Nd2 h5 14. Qh3 Nh6 15. Bf2
Nf5 16. b3 Kb8 17. Bxf5 gxf5 18. Bh4 Rdf8 19. Nh7 f6 20. Nxf8 Qxf8 21. a4 fxe5
22. fxe5 Bh6 23. Rfd1 Rg8 24. Kh1 Rg4 25. axb5 Qg7 26. b4 Nf8 27. Bf6 Qg6 28.
Nf3 Nh7 29. Ra2 Nxf6 30. exf6 Bf4 31. Ne5 Bxe5 32. dxe5 f4 33. Rda1 f3 34.
Qxf3 d4 35. Qxb7+ Kxb7 36. Rxa7+ Kb6 37. R1a6+ Kxb5 38. Ra5+ Kb6 {#d} 1/2-1/2